LEADER 00869nam a2200229 i 4500 001 000000152408 003 CaOOAMICUS 005 20060807000000.0 008 060807s1944 it u000 u eng u 013 $a129749 020 $a0-671-77581-2 040 $aSeMil$bita 100 1 $aChristie, Agatha,$d<1890-1976>.$0(OLS)http://semarc/name/7447 245 10$aAnd then there were none /$cAgatha Christie. 260 $aNew York [etc.] :$bPocket Books,$c1944. 300 $a173 p. ;$c17 cm. 850 $aSeMil 852 $aSeMil$W1$xVenegono$y1$m1W I 366 =$j104367$B104367$CSeMilBibl$Z2$F114080 $81 961 $aLascito: Gogna prof.ssa Silvia 996 $6020$a0-671-77581-2$9(OLS)http://semarc/number/142099 996 $6245$aAnd then there were none$9(OLS)http://semarc/title/222841 996 $6260$aNew York [etc.] :$bPocket Books$9(OLS)http://semarc/publisher/48024 LEADER 00779nam a2200193 i 4500 001 000000024310 003 CaOOAMICUS 005 20250319154208.0 008 180830s1976 it u000 u ita u 040 $aSeMil$bita 100 1 $aGallinari Leonzi, Tina.$0(OLS)http://semarc/name/10763 245 13$aLa donna, problema del nostro tempo /$cTina Gallinari Leonzi. 264 1$aMilano :$bRegione Lombardia,$c1976- 300 $av. ;$c20 cm. 650 4$aDonna - Condizione sociale.$0(OLS)http://semarc/subject/51509 774 0 $tVol. 2.$kQuaderni di documentazione regionale$w()46022 996 $6245$aLa donna, problema del nostro tempo$9(OLS)http://semarc/title/32648 996 $6264$aMilano :$bRegione Lombardia$9(OLS)http://semarc/publisher/30334